000 01847nam0a2200361 4500
001 RU\NLR\bibl\452310
005 20260409073743.0
021 _aRU
_b2003-36334
_91724
035 _a(NLR Aleph) 000445933
090 _a843434
_c843434
100 _a20031021d2002 |||y0rusy50 ca
101 0 _arus
102 _aRU
105 _aa |||||||||
200 1 _aАвтоматизированные информационные технологии в экономике
_eУчеб. пособие
_eДля студентов 3 курса спец. "Финансы и кредит"
_fИ. П. Акимова
_gМ-во путей сообщ. Рос. Федерации, Моск. гос. ун-т путей сообщ. Каф. "Финансы и кредит"
210 _aМ.
_cМИИТ
_d2002
215 _a66 с.
_d21
320 _aБиблиогр.: с. 64 (4 назв.)
606 _aЭкономика
_xИнформационные технологии
_jРуководства, пособия и т.п. для высшей школы
_3RU\NLR\auth\661269945
_92099523
606 _aЭкономика
_xИнформационные технологии
_jУчебные издания для высших учебных заведений
_3RU\NLR\auth\661269945
_92099523
610 0 _aЭкономическая информация - Обработка на компьютерах
675 _a33:004(075.8)
_v3
_zrus
686 _a06
_2rugasnti
686 _a65я73
_2rubbk
686 _aУ.в612я73
700 1 _4070
_aАкимова
_bИ. П.
_cканд. экон. наук, транспорт
_f1959-
_gИрина Петровна
_3RU\NLR\AUTH\770279580
_92651547
801 0 _aRU
_bRKP
_c20031021
_gPSBO
801 1 _aRU
_bRKP
_c20031021
801 2 _aRU
_bNLR
_c20120523
_grcr
942 _cBOOK
980 _aNB